000 00431nam a2200157Ia 4500
008 240729s9999 xx 000 0 und d
022 _a2957-3785
245 0 _aJordan Journal of Nursing Research
260 _aJordan
260 _bJordan University of Science and Technology
650 _a Nursing
650 _aMedicine
856 _uhttps://doaj.org/toc/eece4f5c34ad4beaa2cc59e131ff27dc
942 _2ddc
942 _cDOAJEJ
999 _c73515
_d73515
945 _a1
_bMadushi Gamage
_c1
_dMadushi Gamage